00854nam a22002537a 450000500170000001000110001702000100002803500110003803700160004904000120006508200150007710000250009224501020011726000340021927000190025330000280027265000230030065000160032370000290033970000310036894200240039999900190042395201580044220170124110152.0 a808250 c00.00 a808250 bCen Lib/Ret aDPLbEN a638.1bIOY aIoyrish, Naum934146 aBees and people /cby Naum Ioyrish ; edited by H.C. Creighton ; translated by Glynis A. Kozlova aMoscowbMir Publishers c1974 aMoscowbMoscow a212p. :c19cm(Hb)bill. aBee culture934147 aBees934148 a Creighton, H.C.9107343 a Kozlova, Glynis A.934149 2ddccENh638.1mIOY c132251d132251 04104070aLbLd2015-07-21eCen Lib/Retg0.00l0o638.1 IOYp808250r2015-07-21 00:00:00t1v0.00w2015-07-21yENzW/d List No. 6872/ 7; dtd 18/08/2020